[Event "Guernsey Open"]
[Site "Guernsey"]
[Date "2010.10.22"]
[Round "6"]
[White "Paardekam, Rene"]
[Black "Morcom, Huw"]
[Result "1/2-1/2"]
[WhiteElo "2090"]
[BlackElo "1950"]
[PlyCount "40"]
[EventDate "2010.10.17"]
[SourceDate "2010.10.30"]

1. e4 c5 2. Nf3 d6 3. d4 cxd4 4. Nxd4 Nf6 5. Nc3 a6 6. Be2 g6 7. a4 Bg7 8. O-O
O-O 9. Be3 Nbd7 10. Nb3 b6 11. f3 Bb7 12. Qd2 Re8 13. Rfd1 Qc7 14. Rac1 Rac8
15. Nd4 Ne5 16. Bf1 Nc4 17. Bxc4 Qxc4 18. Qe2 Nd7 19. Qxc4 Rxc4 20. Nde2 Kf8
1/2-1/2

[Event "Guernsey Open"]
[Site "Guernsey"]
[Date "2010.10.22"]
[Round "6"]
[White "Van Ingen, Ton"]
[Black "Forbes, Garry"]
[Result "1-0"]
[WhiteElo "2058"]
[BlackElo "1922"]
[PlyCount "99"]
[EventDate "2010.10.17"]
[SourceDate "2010.10.30"]

1. d4 g6 2. c4 Bg7 3. Nc3 d6 4. e4 Nf6 5. Nf3 Bg4 6. Be2 O-O 7. Be3 Nfd7 8. Ng1
Bxe2 9. Ngxe2 c5 10. O-O cxd4 11. Nxd4 Nc6 12. Qd2 Rc8 13. b3 a6 14. Rad1 Nxd4
15. Bxd4 Bxd4 16. Qxd4 Qb6 17. Nd5 Qd8 18. f4 Rc6 19. Nb4 Rb6 20. Nd3 Rc6 21.
e5 Qb6 22. Nf2 Nb8 23. Qxb6 Rxb6 24. exd6 exd6 25. Rd2 Re8 26. Nd1 f5 27. Nc3
Rc6 28. Nd5 Kf7 29. Kf2 Nd7 30. Re2 Rxe2+ 31. Kxe2 Nc5 32. Ke3 Rc8 33. Nc3 Re8+
34. Kd4 Ne4 35. Re1 Nxc3 36. Rxe8 Kxe8 37. Kxc3 Kd7 38. Kd4 Kc6 39. a3 b6 40.
a4 a5 41. h3 h5 42. h4 Kc7 43. Kd5 Kd7 44. g3 Kc7 45. Ke6 Kc6 46. Kf6 Kc5 47.
Kxg6 Kb4 48. Kxh5 Kxb3 49. Kg5 Kxc4 50. h5 1-0

[Event "Guernsey Open"]
[Site "Guernsey"]
[Date "2010.10.22"]
[Round "6"]
[White "Thurlow, Kevin J"]
[Black "Fassaert, Desire"]
[Result "1/2-1/2"]
[WhiteElo "2045"]
[BlackElo "1926"]
[PlyCount "30"]
[EventDate "2010.10.17"]
[SourceDate "2010.10.30"]

1. c4 f5 2. d4 Nf6 3. Nc3 d6 4. g3 g6 5. Bg2 Bg7 6. e3 O-O 7. Nge2 c6 8. O-O e5
9. b4 Be6 10. d5 Bf7 11. Bb2 Qb6 12. Qb3 Na6 13. b5 Nc5 14. Qc2 cxd5 15. cxd5
Rac8 1/2-1/2

[Event "Guernsey Open"]
[Site "Guernsey"]
[Date "2010.10.22"]
[Round "6"]
[White "Hoare, Amy"]
[Black "Burton, Ronnie"]
[Result "0-1"]
[WhiteElo "1920"]
[BlackElo "2015"]
[PlyCount "116"]
[EventDate "2010.10.17"]
[SourceDate "2010.10.30"]

1. e4 g6 2. d4 Bg7 3. Nc3 d6 4. Be3 a6 5. Qd2 Nd7 6. h4 h5 7. f3 b5 8. O-O-O
Bb7 9. Nh3 Ngf6 10. Ng5 O-O 11. Qf2 e5 12. d5 Rc8 13. Rg1 Qe7 14. g4 Rfd8 15.
Bh3 hxg4 16. fxg4 c6 17. Nxf7 Rf8 18. Nh6+ Kh7 19. Qg2 b4 20. g5 Nh5 21. Ne2
cxd5 22. exd5 Rc4 23. Bg4 Nf4 24. Bxf4 exf4 25. h5 Qe5 26. c3 bxc3 27. hxg6+
Kxg6 28. Nxc3 Rxc3+ 29. bxc3 Qxc3+ 30. Qc2+ Qxc2+ 31. Kxc2 Ne5 32. Be6 Nf3 33.
Rg4 Ne5 34. Rgg1 Nc4 35. Ng4 Na3+ 36. Kb3 Nb5 37. Nf2 Bd4 38. Rgf1 Be3 39. Ne4
Nd4+ 40. Kc3 Nxe6 41. dxe6 Bxe4 42. Rxd6 Rc8+ 43. Kb3 Kxg5 44. e7 Re8 45. Rd7
Kf6 46. Rd6+ Kxe7 47. Rfd1 Kf7 48. Rxa6 Re7 49. a4 f3 50. Rad6 f2 51. Rf1 Bg2
52. Rdd1 Bxf1 53. Rxf1 Rd7 54. Kc2 Kf6 55. Rb1 Kf5 56. a5 Kf4 57. Rb8 Kf3 58.
Rf8+ Ke2 0-1

[Event "Guernsey Open"]
[Site "Guernsey"]
[Date "2010.10.22"]
[Round "6"]
[White "Dennis, Nigel W"]
[Black "Westerkamp, Bert"]
[Result "0-1"]
[WhiteElo "1950"]
[BlackElo "2063"]
[PlyCount "130"]
[EventDate "2010.10.17"]
[SourceDate "2010.10.30"]

1. e4 e5 2. Nf3 Nc6 3. Bb5 a6 4. Ba4 Nf6 5. O-O Be7 6. Re1 b5 7. Bb3 d6 8. c3
O-O 9. h3 Nb8 10. d4 Nbd7 11. Nbd2 Bb7 12. Bc2 Re8 13. Nf1 Bf8 14. Ng3 g6 15.
Bg5 c5 16. Qd2 cxd4 17. cxd4 Rc8 18. Rac1 Qe7 19. Bb1 Bg7 20. Rxc8 Rxc8 21. Rc1
Qf8 22. d5 Rxc1+ 23. Qxc1 Qc8 24. Qxc8+ Bxc8 25. Nd2 Nc5 26. f3 Na4 27. b3 Nc3
28. Kf2 h6 29. Be3 Nd7 30. Ba7 Bf6 31. Ne2 Bh4+ 32. Ke3 Bg5+ 33. Kd3 Bxd2 34.
Nxc3 Be1 35. b4 Kg7 36. Bc2 f5 37. a3 Bxc3 38. Kxc3 Kf6 39. exf5 gxf5 40. g4 e4
41. fxe4 fxg4 42. hxg4 Ne5 43. Bd1 Bxg4 44. Bxg4 Nxg4 45. Bd4+ Ke7 46. Kd2 h5
47. Ke2 h4 48. Kf3 h3 49. Kg3 h2 50. Kg2 Nf6 51. Kxh2 Nxe4 52. Kg2 Nf6 53. Kf3
Nxd5 54. Ke4 Ke6 55. Bb2 Nb6 56. Kd4 Nc4 57. Bc1 d5 58. Kc3 Ke5 59. Kd3 d4 60.
a4 Kd5 61. axb5 axb5 62. Bh6 Ne5+ 63. Kc2 Kc4 64. Bg7 Nc6 65. Kd2 Nxb4 0-1

[Event "Guernsey Open"]
[Site "Guernsey"]
[Date "2010.10.22"]
[Round "6"]
[White "Downey, Kevin"]
[Black "Prins, Jan"]
[Result "0-1"]
[WhiteElo "1997"]
[BlackElo "2061"]
[PlyCount "84"]
[EventDate "2010.10.17"]
[SourceDate "2010.10.30"]

1. Nf3 d5 2. d4 c6 3. c4 Nf6 4. e3 g6 5. Nc3 Bg7 6. h3 O-O 7. Qc2 Bf5 8. Bd3
Bxd3 9. Qxd3 dxc4 10. Qxc4 b5 11. Qe2 Nbd7 12. O-O a5 13. e4 Nb6 14. e5 Nfd5
15. Ne4 Qc8 16. Ne1 f5 17. Nc5 e6 18. Ned3 Ra7 19. f4 Rd8 20. Rf3 Bf8 21. Bd2
Nb4 22. Be3 Nxd3 23. Nxd3 Rd5 24. Kh1 Rad7 25. Rc1 a4 26. Rff1 Nc4 27. Bg1 Qb7
28. Rc2 Rg7 29. Rfc1 h6 30. Qe1 Rc7 31. Nb4 Bxb4 32. Qxb4 c5 33. dxc5 Rcd7 34.
c6 Qxc6 35. b3 Rd1 36. bxc4 Qe4 37. Qb1 Qe1 38. Rxd1 Rxd1 39. Qxd1 Qxd1 40. Rb2
bxc4 41. Rb8+ Kf7 42. Rb7+ Ke8 0-1

[Event "Guernsey Open"]
[Site "Guernsey"]
[Date "2010.10.22"]
[Round "6"]
[White "Kirby, Peter"]
[Black "Ippel, Cornelius J"]
[Result "1-0"]
[WhiteElo "2031"]
[BlackElo "1996"]
[PlyCount "113"]
[EventDate "2010.10.17"]
[SourceDate "2010.10.30"]

1. e4 e6 2. d4 d5 3. Nd2 dxe4 4. Nxe4 Nf6 5. Bd3 Nc6 6. c3 Be7 7. Nf3 a6 8. a4
Bd7 9. O-O Na7 10. Ne5 Bc6 11. Nxc6 Nxc6 12. f4 Qd7 13. Qe2 Rd8 14. Rd1 Nxe4
15. Bxe4 O-O 16. Be3 Qe8 17. b4 f5 18. Bf3 Rd6 19. Rdb1 Bf6 20. a5 Nd8 21. Rb3
c6 22. Rd1 Qd7 23. Rb2 e5 24. fxe5 Re6 25. exf6 f4 26. Qc4 fxe3 27. Bg4 Rfxf6
28. Bxe6+ Rxe6 29. Re2 Nf7 30. Rde1 Nd6 31. Qd3 g6 32. Rxe3 Rxe3 33. Qxe3 Nb5
34. Qe8+ Qxe8 35. Rxe8+ Kf7 36. Re3 Nd6 37. Kf2 Nc4 38. Rh3 h5 39. Ke2 Nd6 40.
Kd3 Kg7 41. Re3 Kf6 42. c4 g5 43. Rf3+ Kg6 44. d5 cxd5 45. cxd5 g4 46. Rf8 h4
47. Rd8 Nf7 48. Rb8 Nd6 49. h3 gxh3 50. gxh3 Kf5 51. Rh8 Kg5 52. Kd4 Kf6 53.
Kc5 Ne4+ 54. Kb6 Ke5 55. Rh5+ Kd6 56. Rxh4 Nc3 57. Kxb7 1-0

[Event "Guernsey Open"]
[Site "Guernsey"]
[Date "2010.10.22"]
[Round "6"]
[White "Bakker, Joop PA"]
[Black "Gibson, John"]
[Result "1-0"]
[WhiteElo "2019"]
[BlackElo "1873"]
[PlyCount "53"]
[EventDate "2010.10.17"]
[SourceDate "2010.10.30"]

1. f4 e5 2. fxe5 d6 3. exd6 Bxd6 4. Nf3 g5 5. d4 g4 6. Ne5 f6 7. Nc4 Be6 8.
Nxd6+ Qxd6 9. e4 Nd7 10. Nc3 c6 11. g3 Qe7 12. Bf4 f5 13. Qe2 fxe4 14. Nxe4
Ndf6 15. Nd6+ Kf8 16. O-O-O Ne8 17. Nxe8 Rxe8 18. Bg2 Nf6 19. Rhf1 Kg7 20. Bg5
Rhf8 21. Rde1 Qb4 22. Qe5 Bf5 23. Bxf6+ Rxf6 24. Qxe8 Qc4 25. Qe7+ Kg6 26. Be4
Qxa2 27. Bxf5+ 1-0

[Event "Guernsey Open"]
[Site "Guernsey"]
[Date "2010.10.22"]
[Round "6"]
[White "Dijksterhuis, Rolf"]
[Black "Jouault, Louis"]
[Result "1-0"]
[WhiteElo "2008"]
[BlackElo "1984"]
[PlyCount "111"]
[EventDate "2010.10.17"]
[SourceDate "2010.10.30"]

1. e4 e5 2. Nf3 Nc6 3. d4 exd4 4. Nxd4 Qh4 5. Nc3 Bb4 6. Be2 Nf6 7. O-O Nxe4 8.
g3 Nxg3 9. hxg3 Qxd4 10. Bd3 Bxc3 11. bxc3 Qxc3 12. Re1+ Kd8 13. Bd2 Qf6 14.
Re4 d6 15. Rf4 Qe7 16. Bc3 f6 17. Re4 Qf8 18. Rb1 Bf5 19. Rxb7 Rb8 20. Rxb8+
Nxb8 21. Rb4 Nc6 22. Bxf5 Nxb4 23. Bxb4 g6 24. Be6 Ke7 25. Bd5 Qd8 26. Bc3 Kf8
27. Qd4 Kg7 28. g4 g5 29. Qxa7 Re8 30. Bf3 Re7 31. Qa5 h6 32. Qf5 Rf7 33. Bd5
Rf8 34. Be4 Rf7 35. Qg6+ Kf8 36. Qxh6+ Ke7 37. Bd5 Qd7 38. f3 Rf8 39. Qg7+ Ke8
40. Bxf6 Qxg7 41. Bxg7 Rf4 42. Bh6 Rd4 43. Bc6+ Kf7 44. Bxg5 Ke6 45. Kf2 d5 46.
Bb5 Rb4 47. Bd3 Ra4 48. f4 Rxa2 49. f5+ Kf7 50. Be3 Ra4 51. g5 d4 52. Bf4 c5
53. Be5 c4 54. g6+ Kg8 55. f6 Ra6 56. Bxc4+ 1-0

[Event "Guernsey Open"]
[Site "Guernsey"]
[Date "2010.10.22"]
[Round "6"]
[White "Knight, Tim R"]
[Black "Van Randen, Fred"]
[Result "1/2-1/2"]
[WhiteElo "1650"]
[BlackElo "1951"]
[PlyCount "53"]
[EventDate "2010.10.17"]
[SourceDate "2010.10.30"]

1. e4 e5 2. Nf3 Nc6 3. Bb5 a6 4. Bxc6 dxc6 5. O-O Ne7 6. d4 exd4 7. Nxd4 c5 8.
Nb3 Qxd1 9. Rxd1 Ng6 10. Be3 b6 11. Nc3 Bb7 12. f3 Bd6 13. Nd2 Be5 14. Nc4 Bxc3
15. bxc3 O-O 16. Rd7 Rfc8 17. Rad1 Bc6 18. R7d2 Kf8 19. Bf2 Ke8 20. Bg3 Nf8 21.
Ne3 Ne6 22. Kf2 b5 23. Ke2 a5 24. Nd5 b4 25. c4 Nd4+ 26. Ke1 Bxd5 27. exd5
1/2-1/2

[Event "Guernsey Open"]
[Site "Guernsey"]
[Date "2010.10.22"]
[Round "6"]
[White "Goris Schouwstra, Adry"]
[Black "Brookfield, Toby"]
[Result "1-0"]
[WhiteElo "1911"]
[BlackElo "1782"]
[PlyCount "47"]
[EventDate "2010.10.17"]
[SourceDate "2010.10.30"]

1. d4 f5 2. c4 Nf6 3. Nc3 e6 4. a3 Be7 5. g3 O-O 6. Bg2 d6 7. Nf3 Qe8 8. O-O
Nc6 9. b4 Qh5 10. h3 Ne4 11. Qd3 Nxc3 12. Qxc3 Bf6 13. e3 e5 14. b5 e4 15. Nh2
Ne5 16. f3 Nxf3+ 17. Nxf3 exf3 18. Rxf3 b6 19. Rf1 Rd8 20. Ra2 Bd7 21. Qd3 Re8
22. h4 Qg4 23. Kh2 g5 24. Bf3 1-0

[Event "Guernsey Open"]
[Site "Guernsey"]
[Date "2010.10.22"]
[Round "6"]
[White "Williams, Peter D"]
[Black "Cummins, John"]
[Result "1/2-1/2"]
[WhiteElo "1866"]
[BlackElo "1882"]
[PlyCount "90"]
[EventDate "2010.10.17"]
[SourceDate "2010.10.30"]

1. c4 c5 2. Nc3 Nf6 3. g3 Nc6 4. Bg2 g6 5. Nf3 Bg7 6. d4 cxd4 7. Nxd4 Ne5 8. b3
d6 9. O-O O-O 10. Bb2 Rb8 11. e4 Bg4 12. f3 Bc8 13. Kh1 a6 14. Qe2 h5 15. f4
Neg4 16. h3 e5 17. Nf3 Nh6 18. fxe5 dxe5 19. Rad1 Qa5 20. Rd6 Ne8 21. Rd5 Qc7
22. Ba3 Be6 23. Bxf8 Bxf8 24. Rd3 Qc8 25. Ng5 Bd7 26. Qd2 Bc6 27. Rd1 Qc7 28.
Nd5 Qd6 29. Nb6 Qa3 30. Nd7 Bb4 31. Qf2 Rc8 32. Nxe5 Rc7 33. Nxc6 bxc6 34. Rd8
Re7 35. Kh2 Bc5 36. Qf6 h4 37. gxh4 Qxa2 38. Qxc6 Qf2 39. Rxe8+ Rxe8 40. Qxe8+
Kg7 41. Qe5+ Kg8 42. Rf1 Qe3 43. Rf3 Qg1+ 44. Kg3 Qe1+ 45. Kh2 Qg1+ 1/2-1/2

[Event "Guernsey Open"]
[Site "Guernsey"]
[Date "2010.10.22"]
[Round "6"]
[White "Smith, David WF"]
[Black "Warmerdam, Robert"]
[Result "0-1"]
[WhiteElo "1726"]
[BlackElo "1789"]
[PlyCount "88"]
[EventDate "2010.10.17"]
[SourceDate "2010.10.30"]

1. d4 Nf6 2. Nf3 e6 3. Bf4 b6 4. c3 Bb7 5. Nbd2 Be7 6. e3 d6 7. h3 Nbd7 8. Qc2
c5 9. Bh2 Rc8 10. c4 cxd4 11. exd4 d5 12. b3 O-O 13. Be2 h6 14. O-O Nb8 15. Qb2
Nc6 16. Rfd1 Nd7 17. Rac1 Bf6 18. cxd5 exd5 19. Bd3 Re8 20. Re1 Rxe1+ 21. Rxe1
Nb4 22. Bb1 Nc5 23. Qa3 Ncd3 24. Bxd3 Nxd3 25. Rd1 a5 26. Nf1 Be7 27. b4 Nxb4
28. Qb3 Ba6 29. a3 Bc4 30. Qb2 Nd3 31. Qb1 Bxa3 32. Rxd3 Bxd3 33. Qxd3 Bb4 34.
Qb5 Rc1 35. Ne5 Bd6 36. Qb2 Qc7 37. f4 Bxe5 38. fxe5 Qc4 39. Qf2 Rc2 40. Nd2
Rc1+ 41. Nf1 Rd1 42. e6 fxe6 43. Be5 a4 44. Qf3 Rxf1+ 0-1

[Event "Guernsey Open"]
[Site "Guernsey"]
[Date "2010.10.22"]
[Round "6"]
[White "Guttridge, David"]
[Black "Bridel, Jon"]
[Result "1/2-1/2"]
[WhiteElo "1904"]
[BlackElo "1653"]
[PlyCount "49"]
[EventDate "2010.10.17"]
[SourceDate "2010.10.30"]

1. d4 b6 2. e4 Bb7 3. Nd2 e6 4. Ngf3 c5 5. c3 Nf6 6. Bd3 Nc6 7. a3 d6 8. O-O
Be7 9. Re1 a6 10. Nf1 Qc7 11. h3 O-O-O 12. Qe2 a5 13. b4 cxd4 14. b5 Ne5 15.
cxd4 Nxd3 16. Qxd3 Kb8 {(=)} 17. Bd2 h6 18. Ng3 g6 19. Qe3 Qd7 20. a4 Rc8 21.
d5 Bd8 22. Bc3 e5 23. Rac1 Qe7 24. Nd2 Nd7 25. Nb3 1/2-1/2

[Event "Guernsey Open"]
[Site "Guernsey"]
[Date "2010.10.23"]
[Round "7"]
[White "Pert, Nicholas"]
[Black "Sveshnikov, Evgeny"]
[Result "1/2-1/2"]
[WhiteElo "2561"]
[BlackElo "2494"]
[PlyCount "25"]
[EventDate "2010.10.17"]
[SourceDate "2010.10.30"]

1. d4 d5 2. c4 e6 3. Nf3 Nf6 4. Nc3 c6 5. g3 Nbd7 6. Qd3 a6 7. Bg2 b5 8. b3
bxc4 9. bxc4 a5 10. c5 e5 11. Nxe5 Nxe5 12. dxe5 Nd7 13. Na4 1/2-1/2

[Event "Guernsey Open"]
[Site "Guernsey"]
[Date "2010.10.23"]
[Round "7"]
[White "Mack, Wolfgang"]
[Black "Hillarp Persson, Tiger"]
[Result "0-1"]
[WhiteElo "2256"]
[BlackElo "2517"]
[PlyCount "152"]
[EventDate "2010.10.17"]
[SourceDate "2010.10.30"]

1. e4 c5 2. a3 g6 3. Nc3 Bg7 4. g3 e6 5. Bg2 Ne7 6. Nge2 Nbc6 7. O-O O-O 8. Nf4
b6 9. Rb1 a5 10. Re1 a4 11. d3 d6 12. Bd2 Qd7 13. Qc1 Re8 14. Nce2 Bb7 15. b3
axb3 16. Rxb3 Qc7 17. Bc3 e5 18. Nh3 Ba6 19. Bd2 c4 20. dxc4 Bxc4 21. Rc3 b5
22. g4 Ra6 23. Ng3 Nd4 24. Bh6 f6 25. Bxg7 Kxg7 26. g5 f5 27. exf5 Nexf5 28.
Nxf5+ Nxf5 29. Nf4 Qf7 30. Ne2 Rf8 31. Qd2 Qa7 32. Ng3 Rxa3 33. Rxa3 Qxa3 34.
Ne4 Qa7 35. Nf6 Qd4 36. Qa5 Qf4 37. Qc7+ Bf7 38. Ne4 Re8 39. Nxd6 Nxd6 40. Qxd6
Qxg5 41. Kh1 Qf4 42. Qc5 Qd2 43. Rg1 b4 44. Be4 Qd4 45. Qxd4 exd4 46. f3 b3 47.
cxb3 Bxb3 48. Rb1 Be6 49. Kg2 Kf6 50. Kg3 Rd8 51. Bd3 Rd6 52. Rd1 Bf5 53. Bc4
Rd8 54. f4 Be4 55. Bf1 Bf5 56. Rd2 Rd7 57. Kf3 Rd6 58. Bc4 Ke7 59. Ke2 Bg4+ 60.
Kd3 Bf5+ 61. Ke2 Kd7 62. Ra2 Rb6 63. Ra7+ Kd6 64. Rxh7 Rb4 65. Ba6 Be4 66. Rh8
Rb2+ 67. Ke1 Ke7 68. Rh3 Kf6 69. Ra3 Kf5 70. Ra4 Kxf4 71. Rxd4 Ke3 72. Rd1 Rxh2
73. Bf1 Rh1 74. Rd6 g5 75. Rb6 Bd3 76. Re6+ Kf4 0-1

[Event "Guernsey Open"]
[Site "Guernsey"]
[Date "2010.10.23"]
[Round "7"]
[White "Havenaar, Jan"]
[Black "Williams, Peter A"]
[Result "1-0"]
[WhiteElo "2193"]
[BlackElo "2132"]
[PlyCount "29"]
[EventDate "2010.10.17"]
[SourceDate "2010.10.30"]

1. Nc3 d5 2. e4 e6 3. d4 Bb4 4. Nge2 dxe4 5. a3 Bxc3+ 6. Nxc3 Nc6 7. Bb5 Bd7 8.
Nxe4 h6 9. O-O Nf6 10. Nc5 Qe7 11. c3 Rb8 12. Qf3 O-O 13. Nxd7 Qxd7 14. Bxh6
Nxd4 15. Qxf6 1-0

[Event "Guernsey Open"]
[Site "Guernsey"]
[Date "2010.10.23"]
[Round "7"]
[White "Bolt, Graham"]
[Black "Sveshnikov, Vladimir"]
[Result "0-1"]
[WhiteElo "2062"]
[BlackElo "2374"]
[PlyCount "230"]
[EventDate "2010.10.17"]
[SourceDate "2010.10.30"]

1. g3 d5 2. Bg2 e5 3. d3 Nc6 4. a3 Nf6 5. Bg5 Be6 6. Nc3 Be7 7. e4 d4 8. Nce2
O-O 9. h3 Nd7 10. Bxe7 Qxe7 11. Qd2 a5 12. Nf3 a4 13. Ng5 Ra6 14. Nxe6 Qxe6 15.
O-O Nc5 16. f4 f6 17. fxe5 fxe5 18. Rxf8+ Kxf8 19. Rf1+ Kg8 20. c3 Ra8 21. cxd4
Nb3 22. Qc2 Nbxd4 23. Nxd4 exd4 24. Kh2 Ra5 25. h4 g6 26. Bh3 Qe8 27. Qc4+ Kg7
28. Be6 Re5 29. Bd5 g5 30. Bxc6 bxc6 31. Qxd4 c5 32. Qc3 Kg6 33. hxg5 Kxg5 34.
Qd2+ Kg6 35. Qf4 Qe6 36. g4 Qe7 37. Kg3 c4 38. dxc4 Rxe4 39. Qf5+ Kg7 40. Rf3
Rxc4 41. Rd3 Rd4 42. Rxd4 Qe3+ 43. Kh4 Qxd4 44. Qb5 c5 45. Qb7+ Kf6 46. Qc6+
Ke5 47. Kh5 Kf4 48. g5 Qe4 49. Qf6+ Kg3 50. Kh6 Kg4 51. Kg7 Qb7+ 52. Kh6 Qh1+
53. Kg7 Qe4 54. Kh6 Qf5 55. Qc6 Qxg5+ 56. Kxh7 Qf5+ 57. Kg7 Qe5+ 58. Kf7 Qd4
59. Qg2+ Kf4 60. Qc2 Ke5 61. Ke7 Qd6+ 62. Kf7 Qd7+ 63. Kg6 Qg4+ 64. Kh6 Kd5 65.
Qd2+ Qd4 66. Qc2 Qh4+ 67. Kg7 Qe4 68. Qc1 c4 69. Kf7 Qf5+ 70. Kg7 Qe5+ 71. Kg6
c3 72. bxc3 Qd6+ 73. Kg5 Qg3+ 74. Kh5 Qf3+ 75. Kg5 Qg2+ 76. Kf5 Qe4+ 77. Kg5
Qe7+ 78. Kh6 Kc4 79. Qc2 Qd6+ 80. Kg5 Qxa3 81. Kf4 Qb3 82. Qe2+ Kxc3 83. Qe1+
Kc2 84. Qe2+ Kc1 85. Qe1+ Kc2 86. Qe2+ Kb1 87. Qe1+ Kb2 88. Qe2+ Ka3 89. Kg5
Qc3 90. Qe7+ Kb3 91. Qe6+ Ka3 92. Qe7+ Kb3 93. Qe6+ Kb2 94. Qe2+ Qc2 95. Qe5+
Kb3 96. Qe6+ Kb4 97. Qb6+ Kc3 98. Qc5+ Kb2 99. Qe5+ Qc3 100. Qe2+ Kb3 101. Qe6+
Qc4 102. Qe3+ Kb4 103. Qe1+ Kc5 104. Qe7+ Kd4 105. Qf6+ Ke3 106. Qe5+ Kf3 107.
Qf5+ Kg2 108. Qa5 Qc1+ 109. Kg6 Qc4 110. Kf5 Qd3+ 111. Kg4 a3 112. Qa8+ Kf2
113. Qf8+ Ke1 114. Qb4+ Ke2 115. Qf4 Kd1 0-1

[Event "Guernsey Open"]
[Site "Guernsey"]
[Date "2010.10.23"]
[Round "7"]
[White "Hamperl, Fred A"]
[Black "Bellin, Robert"]
[Result "0-1"]
[WhiteElo "2101"]
[BlackElo "2365"]
[PlyCount "54"]
[EventDate "2010.10.17"]
[SourceDate "2010.10.30"]

1. e4 g6 2. d4 c6 3. Nc3 d5 4. e5 h5 5. Nf3 Bg4 6. h3 Bxf3 7. Qxf3 e6 8. Bd3 c5
9. dxc5 Nc6 10. Qg3 h4 11. Qg4 Nh6 12. Bxh6 Rxh6 13. O-O Bxc5 14. Rad1 Nxe5 15.
Qf4 Rh5 16. Bb5+ Nc6 17. Ne4 Rf5 18. Qh6 Bf8 19. Qh8 Qe7 20. Qc3 Rc8 21. Nd2 a6
22. Bd3 Rf4 23. Nf3 Rxf3 24. gxf3 Qg5+ 25. Kh1 Qf4 26. Rg1 Qxf3+ 27. Rg2 Qxd1+
0-1

[Event "Guernsey Open"]
[Site "Guernsey"]
[Date "2010.10.23"]
[Round "7"]
[White "Broek, Thomas"]
[Black "Taylor, Mark V"]
[Result "1/2-1/2"]
[WhiteElo "2217"]
[BlackElo "2128"]
[PlyCount "47"]
[EventDate "2010.10.17"]
[SourceDate "2010.10.30"]

1. e4 c5 2. Nf3 e6 3. d4 cxd4 4. Nxd4 Nc6 5. Nb5 d6 6. c4 Nf6 7. N1c3 a6 8. Na3
Be7 9. Be2 O-O 10. Be3 b6 11. O-O Qc7 12. Rc1 Ne5 13. f4 Ned7 14. Bf3 Bb7 15.
g4 h6 16. h4 Nh7 17. g5 hxg5 18. hxg5 Rfe8 19. Qd2 Rad8 20. Qg2 g6 21. Qg3 Qb8
22. Qh4 d5 23. cxd5 exd5 24. e5 1/2-1/2

[Event "Guernsey Open"]
[Site "Guernsey"]
[Date "2010.10.23"]
[Round "7"]
[White "Norman, Kenneth I"]
[Black "Lenier, Jude"]
[Result "1-0"]
[WhiteElo "2168"]
[BlackElo "1963"]
[PlyCount "81"]
[EventDate "2010.10.17"]
[SourceDate "2010.10.30"]

1. Nf3 Nf6 2. c4 c5 3. g3 e6 4. Bg2 d5 5. cxd5 exd5 6. d4 Nc6 7. Nc3 Be6 8. O-O
Be7 9. Bg5 b6 10. Rc1 O-O 11. dxc5 bxc5 12. Na4 c4 13. Nd4 Nxd4 14. Qxd4 h6 15.
Be3 Ng4 16. Nc5 Nxe3 17. Nxe6 fxe6 18. Qxe3 Qd6 19. f4 Bf6 20. Qd2 Rab8 21. b3
cxb3 22. axb3 Rxb3 23. e4 Rb2 24. Qd3 Qb6+ 25. Kh1 dxe4 26. Qxe4 Rb4 27. Qg6
Qd4 28. Rfd1 Rc4 29. Rb1 Qc3 30. Be4 Rc7 31. Rd3 Qc4 32. Rbd1 Qa4 33. Rd6 Rfc8
34. Kg2 Qb5 35. Rxe6 Rc5 36. Rd2 Rc1 37. Qh7+ Kf8 38. Rxf6+ gxf6 39. Qxh6+ Ke7
40. Qg7+ Ke6 41. f5+ 1-0

[Event "Guernsey Open"]
[Site "Guernsey"]
[Date "2010.10.23"]
[Round "7"]
[White "Goater, Kevin"]
[Black "Van Ingen, Ton"]
[Result "1/2-1/2"]
[WhiteElo "2154"]
[BlackElo "2058"]
[PlyCount "59"]
[EventDate "2010.10.17"]
[SourceDate "2010.10.30"]

1. d4 f5 2. g3 Nf6 3. Bg2 g6 4. Nh3 Bg7 5. Nf4 O-O 6. h4 Qe8 7. h5 c6 8. hxg6
hxg6 9. Nc3 d6 10. d5 Na6 11. Be3 Nc7 12. Qd2 c5 13. Nh3 Rb8 14. Bh6 b5 15. Qg5
Qf7 16. Nf4 Nh7 17. Qxg6 Qxg6 18. Nxg6 Bxh6 19. Rxh6 Re8 20. O-O-O b4 21. Nb1
Ba6 22. e3 Kg7 23. Rdh1 Nf6 24. Nf4 Bc4 25. Nd2 Bxd5 26. Bxd5 Ncxd5 27. Nxd5
Nxd5 28. Rh7+ Kg8 29. Nf3 Nf6 30. R7h6 1/2-1/2

[Event "Guernsey Open"]
[Site "Guernsey"]
[Date "2010.10.23"]
[Round "7"]
[White "Goris, Ton"]
[Black "Casiot, David J"]
[Result "0-1"]
[WhiteElo "2044"]
[BlackElo "2130"]
[PlyCount "66"]
[EventDate "2010.10.17"]
[SourceDate "2010.10.30"]

1. e4 e6 2. d4 d5 3. e5 c5 4. c3 Nc6 5. Nf3 Qb6 6. a3 c4 7. Nbd2 Na5 8. Be2 Bd7
9. Rb1 Rc8 10. O-O Ne7 11. Ng5 h6 12. Nh3 g6 13. g4 Bg7 14. f4 O-O 15. Kh1 f5
16. exf6 Bxf6 17. Nf3 Bg7 18. Ne5 Bxe5 19. fxe5 Rxf1+ 20. Qxf1 Rf8 21. Qg2 g5
22. Bd1 Ng6 23. Kg1 Nc6 24. Nf2 Be8 25. Bd2 Nh4 26. Qf1 Bg6 27. Be2 Bxb1 28.
Qxb1 Nxe5 29. Be3 Neg6 30. Nh1 e5 31. Ng3 e4 32. Nf5 Nxf5 33. gxf5 Nh4 0-1

[Event "Guernsey Open"]
[Site "Guernsey"]
[Date "2010.10.23"]
[Round "7"]
[White "Burton, Ronnie"]
[Black "Thurlow, Kevin J"]
[Result "1/2-1/2"]
[WhiteElo "2015"]
[BlackElo "2045"]
[PlyCount "39"]
[EventDate "2010.10.17"]
[SourceDate "2010.10.30"]

1. d4 Nf6 2. Nf3 e6 3. e3 b6 4. Bd3 Bb7 5. Nbd2 d5 6. Qe2 Ne4 7. O-O Nd7 8. Ne5
Bd6 9. f4 O-O 10. Nxd7 Qxd7 11. Nf3 Qe7 12. c4 c5 13. b3 Rac8 14. Bb2 dxc4 15.
Bxc4 cxd4 16. Bxd4 Rfd8 17. Rad1 Bc5 18. Qb2 Bxd4 19. Rxd4 Rxd4 20. Nxd4
1/2-1/2

[Event "Guernsey Open"]
[Site "Guernsey"]
[Date "2010.10.23"]
[Round "7"]
[White "Heppell, Ian N"]
[Black "Spanton, Timothy R"]
[Result "1-0"]
[WhiteElo "2126"]
[BlackElo "2020"]
[PlyCount "85"]
[EventDate "2010.10.17"]
[SourceDate "2010.10.30"]

1. e4 e6 2. d4 d5 3. Nc3 Bb4 4. exd5 exd5 5. Bd3 Nc6 6. Nge2 Nge7 7. O-O Bg4 8.
h3 Bf5 9. Re1 O-O 10. Bg5 Qd7 11. Ng3 Bg6 12. Qd2 Rfe8 13. a3 Bd6 14. Nce2 Nf5
15. Nxf5 Bxf5 16. Bh4 Bxd3 17. Qxd3 Re4 18. Bg3 Bxg3 19. Nxg3 Rxd4 20. Qb5 Rd2
21. Rad1 Rxd1 22. Rxd1 Rd8 23. Qxb7 Rb8 24. Qa6 Rxb2 25. Nf5 Rb6 26. Qd3 g6 27.
Ne3 d4 28. c3 Rb3 29. Qc4 Rxa3 30. cxd4 Ra5 31. d5 Ne7 32. Qc3 Rxd5 33. Nxd5
Nxd5 34. Qc5 c6 35. Ra1 Nb6 36. Rc1 Kg7 37. Qxc6 Qf5 38. Qc3+ Kh6 39. Qe3+ Kg7
40. Qd4+ Kh6 41. Rc5 Qe6 42. Re5 Qc6 43. Re7 1-0

[Event "Guernsey Open"]
[Site "Guernsey"]
[Date "2010.10.23"]
[Round "7"]
[White "Fassaert, Desire"]
[Black "Paardekam, Rene"]
[Result "1-0"]
[WhiteElo "1926"]
[BlackElo "2090"]
[PlyCount "107"]
[EventDate "2010.10.17"]
[SourceDate "2010.10.30"]

1. Nf3 d5 2. d4 Nf6 3. Bf4 Bf5 4. e3 e6 5. Nbd2 Nbd7 6. c4 c6 7. Be2 Be7 8. Qb3
Qb6 9. Qxb6 Nxb6 10. a3 dxc4 11. Nxc4 Nxc4 12. Bxc4 O-O 13. h3 Be4 14. Ke2 Nd5
15. Be5 Rfd8 16. Rhd1 Rac8 17. Bd3 Bxd3+ 18. Rxd3 Nb6 19. Rc1 Rd5 20. Rb3 Rd7
21. Ne1 Rcd8 22. Rbc3 Nc8 23. Nd3 Bf8 24. R3c2 f6 25. Bg3 e5 26. Nc5 Bxc5 27.
dxc5 Ne7 28. e4 Ng6 29. f3 Nf8 30. Bf2 Ne6 31. Be3 a6 32. Rd2 Rxd2+ 33. Bxd2
Nd4+ 34. Ke3 Kf7 35. Bc3 Nb3 36. Rc2 Ke6 37. Be1 Nd4 38. Rd2 Rd7 39. f4 g6 40.
g4 Nb3 41. f5+ Ke7 42. Rxd7+ Kxd7 43. Bb4 g5 44. Kd3 Nd4 45. Be1 Nb3 46. Bf2
Nc1+ 47. Kd2 Nb3+ 48. Kc2 Na5 49. Kc3 b5 50. cxb6 Nb7 51. Kd3 Kd6 52. b4 a5 53.
Bc5+ Kd7 54. Kc4 1-0

[Event "Guernsey Open"]
[Site "Guernsey"]
[Date "2010.10.23"]
[Round "7"]
[White "Westerkamp, Bert"]
[Black "Pickersgill, Adrian O"]
[Result "1/2-1/2"]
[WhiteElo "2063"]
[BlackElo "2030"]
[PlyCount "46"]
[EventDate "2010.10.17"]
[SourceDate "2010.10.30"]

1. d4 d6 2. Nf3 Bg4 3. e3 Nd7 4. b3 e6 5. Bb2 Ngf6 6. Nbd2 Be7 7. h3 Bh5 8. Bd3
c6 9. c4 Bg6 10. Bxg6 hxg6 11. Qc2 d5 12. O-O Qc7 13. Rac1 Rh5 14. Rfe1 O-O-O
15. e4 Nxe4 16. Nxe4 dxe4 17. Rxe4 Rdh8 18. d5 Bf6 19. dxe6 Nc5 20. Bxf6 gxf6
21. Re3 Nxe6 22. Rce1 Qd7 23. Rd1 Qc7 1/2-1/2